|
|
|
|
| LEADER |
00000nas a2200000 a 4500 |
| 001 |
ssj0066001 |
| 003 |
WaSeSS |
| 005 |
20200512172242.0 |
| 006 |
m d |
| 007 |
cr n |
| 008 |
041028d20042012kyuwn pos 0 0eng c |
| 010 |
|
|
|a 2004255449
|
| 022 |
|
|
|l 1940-1353
|y 1940-1353
|
| 035 |
|
|
|a (WaSeSS)ssj0066001
|
| 040 |
|
|
|a ZCU
|b eng
|c ZCU
|d OCLCQ
|d SERSO
|d OCLCQ
|d OCLCF
|d OCLCO
|d OCLCQ
|d SERSO
|d TXA
|d NTG
|d WaSeSS
|
| 042 |
|
|
|a pcc
|
| 130 |
0 |
|
|a National underwriter.
|p P & C (Online)
|
| 245 |
1 |
0 |
|a National underwriter.
|p P & C
|h [electronic resource].
|
| 246 |
1 |
|
|a National underwriter.
|p Property & casualty
|
| 246 |
1 |
|
|a P & C
|
| 246 |
1 |
|
|a P and C
|
| 246 |
1 |
|
|a Property & casualty
|
| 246 |
1 |
|
|a Property and casualty
|
| 260 |
|
|
|a Erlanger, KY :
|b National Underwriter Co.,
|c -2012.
|
| 310 |
|
|
|a Weekly (except the 2nd week of Jan. and July, the last week of Aug. and the last week of Dec.)
|
| 362 |
1 |
|
|a Print began with: Vol. 108, no. 9 (Mar. 8, 2004); ceased with: Vol. 116, no. 39 (Dec. 17, 2012).
|
| 506 |
|
|
|a License restrictions may limit access.
|
| 538 |
|
|
|a Mode of access: World Wide Web.
|
| 588 |
|
|
|a Description based on: Vol. 11, no. 43 (December 13, 2010); title from PDF table of contents (property-casualty site, viewed February 21, 2018).
|
| 588 |
|
|
|a Latest issue consulted: Vol. 116, no. 39 (Dec. 17/24, 2012) (EBSCOhost, viewed September 15, 2017).
|
| 650 |
|
0 |
|a Property insurance
|v Periodicals.
|
| 650 |
|
0 |
|a Casualty insurance
|v Periodicals.
|
| 650 |
|
7 |
|a Casualty insurance.
|2 fast
|0 (OCoLC)fst01715790
|
| 650 |
|
7 |
|a Property insurance.
|2 fast
|0 (OCoLC)fst01715900
|
| 655 |
|
0 |
|a Electronic journals.
|
| 710 |
2 |
|
|a National Underwriter Company.
|
| 776 |
0 |
8 |
|i Print version:
|t National underwriter. P & C
|w (DLC) 2004252370
|w (OCoLC)54802837
|
| 780 |
0 |
0 |
|t National underwriter (Property & casualty/risk & benefits management edition : Online)
|w (DLC) 2004255448
|w (OCoLC)42611821
|
| 785 |
0 |
0 |
|t Property casualty 360
|w (OCoLC)858609079
|
| 856 |
4 |
0 |
|z Full text available from Research Library: 03/08/2004 to 08/06/2006
|u https://search.proquest.com/publication/44704
|
| 856 |
4 |
0 |
|z Full text available from Research Library: 02/16/2011 to 12/31/2012
|u https://search.proquest.com/publication/726379
|